| 000 | 01068nam a22002657a 4500 | ||
|---|---|---|---|
| 001 | BD-DhSAU 8672 | ||
| 003 | BD-DhSAU | ||
| 005 | 20181213124314.0 | ||
| 008 | 150613b2009 bg a|||| m||| 00| 0 eng d | ||
| 040 | _aBD-DhSAU | ||
| 082 |
_222 _a595.7 _bIS43 |
||
| 100 |
_aIslam, Shahana _eRegistration # 08-03171 |
||
| 245 |
_aEffect of sowing time and lentil varieties on incidence of insect pests and their predators / _bMS thesis _c Shahana Islam |
||
| 260 |
_aSher-e-Bangla Agricultural University : _bDepartment of Entomology, _c2009. |
||
| 300 |
_avii, 73 p. : _bill. ; _c29 cm. |
||
| 500 | _aMS thesis of Department of Entomology, Faculty of Agriculture, Sher-e-Bangla Agricultural University, Dhaka, Bangladesh | ||
| 504 | _aIncludes bibliographical reference. | ||
| 590 | _aJerin | ||
| 650 | _aEntomology | ||
| 650 | _a insect pests | ||
| 700 |
_aLatif, Md. Abdul _eSuperviser |
||
| 700 |
_aBhuiyan, Md. Serajul Islam _eCo-superviser |
||
| 856 | _uhttp://archive.saulibrary.edu.bd:8080/xmlui/handle/123456789/1238 | ||
| 942 |
_2ddc _cTHESIS |
||
| 999 |
_c8672 _d8672 |
||